000 00367nam a22001337a 4500
008 250730b |||||||| |||| 00| 0 eng d
020 _a992-87-3323-8
100 _aFilimone, Helio
245 _aJuiz Paulino- Caso Cardoso Um Marco no Sistema Judicial Moçambicano
250 _a2ª ed.
260 _aMoçambique
_bAlcance
_c2015
300 _a296p
942 _2udc
_cBK
999 _c55541
_d55540